| 000 | 00981nam a2200265 a 4500 | ||
|---|---|---|---|
| 001 | BRL_761 | ||
| 005 | 20190320210902.0 | ||
| 008 | 021013s1993----mx-a######---#000-0#spa-# | ||
| 020 | _a9686658181 (edición en español) | ||
| 041 | _aspa | ||
| 044 | _amx | ||
| 050 | 4 |
_aTR28 _b.O38 1993 |
|
| 245 | 1 | 0 |
_aEl ojo de vidrio _bcien años de fotografía del México indio _cedición, Jaime Vélez Storey ... [et al.] ; prólogo, Roger Bartra. |
| 260 |
_aMéxico _bBancomext _c1993 |
||
| 300 |
_a191 p. _bil. (algunas a color) _c31 cm. |
||
| 500 | _aIncluye índice de fotos e índice de autores | ||
| 500 | _aDonación de Sonia Corcuera | ||
| 650 | 1 | 4 |
_aFotografía _xHistoria _zMéxico _924863 |
| 650 | 1 | 4 |
_aPortrait Photography _zMéxico _924864 |
| 650 | 1 | 4 |
_aIndígenas de México _xPortraits _924865 |
| 651 | 4 |
_aMéxico _xVida social y costumbres - Obras pictóricas _924866 |
|
| 700 | 1 |
_aVélez Storey, Jaime _eed. _924867 |
|
| 700 | 1 |
_aBartra, Roger _eprol. _924868 |
|
| 942 |
_2lcc _cB |
||
| 999 |
_c9573 _d9573 |
||